|
|
|
|
| LEADER |
00000nab a2200000 a 4500 |
| 001 |
vtls010866211 |
| 003 |
SK-MaSNL |
| 005 |
20260319071256.0 |
| 008 |
150902c2015 xo wr p 000 c0ukr |
| 015 |
|
|
|a SNBRB2015/09
|
| 038 |
|
|
|a SVKPOCL
|
| 040 |
|
|
|a SVKPOCL
|b slo
|c SVKPOCL
|e AACR2
|
| 041 |
0 |
|
|a ukr
|
| 044 |
|
|
|a xo
|c SK
|
| 080 |
|
|
|a 80(=16)+908(4)
|2 2001
|
| 080 |
|
|
|a 80(=161.2)+908(477)
|2 2001
|
| 080 |
|
|
|a 316.022.4(=161.2)(437.6)
|2 2001
|
| 080 |
|
|
|a 316.022.4(=161.25)(437.6)
|2 2001
|
| 080 |
|
|
|a 061.2
|2 2001
|
| 100 |
1 |
|
|a Bogdan, Pavol,
|d 1950-
|4 aut
|9 484875
|
| 245 |
1 |
0 |
|a Vidbulosja šoste zasidannja Central'noji rady SRUSR
|c [avtor] p.b.
|
| 300 |
|
|
|b Fotogr.
|
| 500 |
|
|
|a p.b. pozri Bogdan, Pavol
|
| 610 |
2 |
7 |
|a Zväz Rusínov-Ukrajincov Slovenskej republiky.
|b Ústredná rada.
|b Predsedníctvo
|2 svkpocl
|9 846992
|
| 648 |
|
7 |
|a 27.6.2015
|2 svkpocl
|9 1096206
|
| 650 |
0 |
7 |
|a Rusíni
|z Slovensko
|2 svkpocl
|9 336690
|
| 650 |
0 |
7 |
|a Ukrajinci
|z Slovensko
|2 svkpocl
|9 348197
|
| 650 |
0 |
7 |
|a zasadania
|2 svkpocl
|9 284751
|
| 650 |
0 |
7 |
|a slavistika
|2 svkpocl
|9 4282
|
| 650 |
0 |
7 |
|a ukrajinistika
|2 svkpocl
|9 51200
|
| 651 |
|
7 |
|a Prešov (Slovensko)
|2 svkpocl
|9 17347
|
| 655 |
|
7 |
|a články z novín a časopisov
|2 svkpocl
|9 267496
|
| 773 |
0 |
|
|t Nove žyttja
|g Roč. 65, č. 13 (2015), s. 2
|
| 852 |
|
|
|a SVKPO
|b KIS3GCP
|
| 958 |
|
|
|a UK
|
| 958 |
|
|
|a SK
|
| 958 |
|
|
|a SS
|
| 958 |
|
|
|a RN
|
| 999 |
|
|
|c 1805430
|d 1807360
|